书目信息 |
| 题名: |
魏书
|
|
| 作者: | 魏收 撰 | |
| 分册: | 第六册 | |
| 出版信息: | 北京 中华书局 1974 |
|
| 页数: | 8册 | |
| 开本: | 19cm | |
| 丛书名: | ||
| 单 册: | ||
| 中图分类: | K239.210.42 | |
| 科图分类: | ||
| 主题词: | ||
| 电子资源: | ||
| ISBN: | 11018.630 | |
| 000 | 00646nam0 2200241 450 | |
| 001 | 0174002157 | |
| 005 | 20100713031457.0 | |
| 010 | @a11018.630@dCNY1.16 | |
| 091 | @a11018.630 | |
| 100 | @a19960207d1974 em y0chiy0110 ea | |
| 101 | 0 | @achi |
| 102 | @aCN@b110000 | |
| 105 | @ay z 000yy | |
| 106 | @ar | |
| 200 | 1 | @a魏书@9Wei Shu @f(北齐)魏收撰@h第六册 |
| 210 | @a北京@c中华书局@d1974 | |
| 215 | @a8册@d19cm | |
| 327 | 1 | @a卷一—十二,卷十三—二十九 |
| 607 | @a中国-历史-北魏(439-534)@x纪传体 | |
| 690 | @aK239.210.42@v3 | |
| 701 | 0 | @a魏收@9wei shou@4撰 |
| 801 | 0 | @aCN@bAzMarc@c20130904 |
| 905 | @aBZT@dK239.21@e2:6@f2@sK239.21/2:6 | |
| 魏书/(北齐)魏收撰.第六册.-北京:中华书局,1974 |
| 8册;19cm |
| 部分内容:卷一—十二,卷十三—二十九 |
| ISBN 11018.630:CNY1.16 |
| ● |
| 相关链接 |
|
|
|
正题名:魏书
索取号:K239.21/2:6
 
预约/预借
| 序号 | 登录号 | 条形码 | 馆藏地/架位号 | 状态 | 备注 |
| 1 | 2000049261 | 2000049261 | 旧书回溯/ [索取号:K239.21/2:6] | 在馆 | |
| 2 | 2000087494 | 2000087494 | 旧书回溯/ [索取号:K239.21/2:6] | 在馆 |